000 00598nam a2200205Ia 4500
003 GCL
008 140319s9999 xx 000 0 ara d
040 _aGCL /
_cGCL
082 0 4 _a780
_bش ت
100 1 _aشامبينيول، برنارد
245 1 0 _aتاريخ الموسيقى /
_cشامبينيول، برنارد
700 1 _aكوجال, ثروت
700 1 _aمحمد رشاد بدران (مراجع)
300 _a213 ص
490 _aالالف كتاب
_v0
650 0 4 _aتاريخ
650 0 4 _aالموسيقى
650 0 4 _aالموسيقى - تاريخ
942 _2ddc
_cBK
999 _c45945
_d45945